Words That Begin with 'CLI' Quiz Stats

 Plays Quiz Updated Aug 27, 2015

Challenge
Share
Tweet
Embed
Score 0/14 Timer 04:00
2 Plays Today
Clue 'CLI' Word % Correct
To ascend a ladder, mountain, or flight of stairsClimb
97.5%
Small medical centerClinic
97.2%
U.S. president after and before BushClinton
96.3%
Height of action in a storyClimax
95.6%
Average weather over a period of timeClimate
94.7%
Someone who uses a serviceClient
92.7%
The Big Red DogClifford
92.2%
Clue 'CLI' Word % Correct
A small group of friendsClique
92%
An overused phrase or expressionCliché
88.1%
Suspenseful ending, often used at the end of a season finaleCliffhanger
86.2%
A portable flat surface that allows papers to be temporarily held to itClipboard
81.6%
One of two Los Angeles NBA teamsClippers
79.4%
To settle something decisively, such as a victory in a sporting eventClinch
60.5%
An adjective that describes a button on a mouse or a Sporcle quiz style that doesn't require typingClickable
49%

You're not logged in!

Compare scores with friends on all Sporcle quizzes.
Join for Free
OR
Log In

You Might Also Like...

Show Comments

Extras

Top Quizzes Today


Score Distribution

Your Account Isn't Verified!

In order to create a playlist on Sporcle, you need to verify the email address you used during registration. Go to your Sporcle Settings to finish the process.

Report this User

Report this user for behavior that violates our Community Guidelines.

Details: